000 00551nam a2200193Ia 4500
005 20250326142512.0
008 250326s9999 xx 000 0 und d
020 _a0 19 564469 7
037 _aTextbook
040 _aFMSL
_beng
_cFMSL
041 _aeng
_2eng
084 _aX:89ZB.44 N8
_qFMSL
100 _aMathur H M
_9745322
245 0 _aDevelopment projects & impoverishment risks
_cMathur H M
260 _aDelhi
_bDelhi, Oxford University
_c1998
300 _a294p
942 _cTB
_hX:89ZB.44 N8
999 _c1295328
_d1295328